[Event "Getxo op 3rd"]
[Site "Getxo"]
[Date "2018.09.08"]
[Round "1"]
[White "Prieto Aranguren, Alain"]
[Black "Quintana Gomez, Peio"]
[Result "1-0"]
[WhiteElo "2229"]
[BlackElo "1606"]
[PlyCount "72"]
[EventDate "2018.09.08"]
[EventType "swiss"]
[EventRounds "9"]
[EventCountry "ESP"]
[SourceTitle "EXT 2020"]
[Source "ChessBase"]
[SourceDate "2019.10.17"]
[SourceVersion "1"]
[SourceVersionDate "2019.10.17"]
[SourceQuality "1"]

1. d4 d5 2. c4 e6 3. Nc3 Nf6 4. cxd5 exd5 5. Bg5 Be7 6. e3 c6 7. Bd3 Be6 8. Nf3 Nbd7 9. 0-0 c5 10. dxc5 Bxc5 11. Qc2 Rc8 12. Rac1 Be7 13. Nd4 Qb6 14. Nf5 Bxf5 15. Bxf5 Rc7 16. Bf4 Rc6 17. Qd2 Qa5 18. Bxd7+ Nxd7 19. Qxd5 Qxd5 20. Nxd5 Nc5 21. Rfd1 Ne6 22. Rxc6 bxc6 23. Nc7+ Kf8 24. Nxe6+ fxe6 25. Rd7 Kf7 26. Bg5 Re8 27. Rxa7 h6 28. Rxe7+ Rxe7 29. Bxe7 Kxe7 30. Kf1 Kd6 31. Ke2 Ke5 32. Kd3 Kd5 33. b4 e5 34. f3 g5 35. a4 g4 36. fxg4 e4+ 1-0